Rosco de Pasapalabra #9 - Estadísticas

Estadísticas generales
  • Esta prueba ha sido intentada 1.354 veces
  • La puntuación promedio es 10 de 25
Estadísticas de respuestas
Inicial Definición Respuesta % Correcto
F Tienda donde se venden diversos objetos de metal o de otras materias, como cerraduras, clavos o herramientas Ferretería
91%
M Tren subterráneo o al aire libre que circula por las grandes ciudades Metro
91%
D Mano del cuerpo humano situada en el lado opuesto al corazón Derecha
90%
G Fijador para el pelo Gomina
75%
I Parte del cuerpo en que se junta el muslo con el vientre Ingle
75%
C Acción y efecto de tomar una porción de algo para ver cómo sabe Cata
72%
A Mecer al niño en la cuna o en los brazos para que se duerma Acunar
69%
Contiene la Y En el día que precede inmediatamente al de hoy Ayer
57%
O Oeste, punto cardinal por donde se pone el sol Occidente
54%
Contiene la Ñ Grupo de personas que participan en fiestas populares o para fomentar la admiración a un equipo deportivo Peña
45%
V Lazo o cosa inmaterial que une a una persona o cosa con otra Vínculo
42%
T Artificio pirotécnico que consiste en una serie de petardos enlazados que estallan sucesivamente Traca
40%
R Resentimiento arraigado y tenaz Rencor
39%
U País o conjunto de países que están al otro lado del mar Ultramar
34%
N Serie de reuniones mantenidas para alcanzar un acuerdo sobre un asunto Negociación
33%
L Fruto formado por una vaina de una o varias semillas dispuestas en fila, como las judías y los guisantes Legumbre
31%
H Coser algo con puntadas largas, provisionalmente Hilvanar
26%
B Canción originaria de Cuba, de ritmo lento, bailable, de compás de dos por cuatro y letra melancólica Bolero
25%
Contiene la Q Edificio que comprende varias casas de la misma altura y de características semejantes Bloque
23%
P Medida de capacidad para líquidos del sistema anglosajón, que en el Reino Unido equivale a 568 mililitros Pinta
18%
Contiene la X En matemáticas, averiguar la raíz de una cantidad o de una expresión algebraica Extraer
8%
E Medir el verso, contar el número de pies o de sílabas de que consta Escandir
1%
J Ciudad de Bosnia y Herzegovina donde los turcos ejecutaron, en 1463, al rey de Bosnia, Esteban Tomasevic Jajce
1%
S Roturar o arar a bastante profundidad, sin voltear la tierra Subsolar
1%
Z Apellido del diplomático que ocupó el cargo de embajador de Estados Unidos en España entre 1989 y 1992 Zappala
0%
No se encontraron pruebas coincidentes
Distribución de puntuación
Porcentaje de gente con cada puntuación
Porcentaje por número respondido
Historial de tus puntuaciones
No has intentado esta prueba.